Normal view
MARC view
Entry Personal Name
001 - CONTROL NUMBER
- control field: 85375
003 - CONTROL NUMBER IDENTIFIER
- control field: dpl
005 - DATE AND TIME OF LATEST TRANSACTION
- control field: 20251006160130.0
008 - FIXED-LENGTH DATA ELEMENTS
- fixed length control field: 251006|| aca||aabn | a|a d
040 ## - CATALOGING SOURCE
- Original cataloging agency: dpl
- Transcribing agency: dpl
100 ## - HEADING--PERSONAL NAME
- Personal name: Aiyar's, P Ramanatha
670 ## - SOURCE DATA FOUND
- Source citation: Work cat.: (dpl)213573: Aiyar's, P Ramanatha , The Law Lexicon:, 2025
